Mười câu chuyện văn chương

Guardat en:
Dades bibliogràfiques
Autor principal: Nguyễn, Hiến Lê
Format: Llibre
Idioma:Undetermined
Publicat: Hà Nội Văn học 2005
Matèries:
Etiquetes: Afegir etiqueta
Sense etiquetes, Sigues el primer a etiquetar aquest registre!
Thư viện lưu trữ: Trung tâm Học liệu Trường Đại học Cần Thơ
LEADER 00570nam a2200205Ia 4500
001 CTU_95256
008 210402s9999 xx 000 0 und d
020 |c 19000 
082 |a 809 
082 |b L250 
100 |a Nguyễn, Hiến Lê 
245 0 |a Mười câu chuyện văn chương 
245 0 |c Nguyễn Hiến Lê 
260 |a Hà Nội 
260 |b Văn học 
260 |c 2005 
650 |a Vietnamese literature 
650 |x History and criticism 
904 |i Nguyên 
980 |a Trung tâm Học liệu Trường Đại học Cần Thơ